Trenerzy sięgający po Scudetto od 2010 roku - Statystyki

Ogólne statystyki
  • Ten quiz został rozwiązany 90 razy
  • Średni wynik to 9 z 10
Statystyki odpowiedzi
Rok Mistrz Włoch Trener % Poprawnych
2010/2011 AC Milan Massimiliano Allegri
94%
2014/2015 Juventus Massimiliano Allegri
94%
2015/2016 Juventus Massimiliano Allegri
94%
2016/2017 Juventus Massimiliano Allegri
94%
2017/2018 Juventus Massimiliano Allegri
94%
2018/2019 Juventus Massimiliano Allegri
94%
2019/2020 Juventus Maurizio Sarri
83%
2011/2012 Juventus Antonio Conte
79%
2012/2013 Juventus Antonio Conte
79%
2013/2014 Juventus Antonio Conte
79%
Nie znaleziono quizów pasujących do podanych kryteriów
Rozkład punktacji
Procent ludzi z każdym wynikiem
Percentyl według liczby udzielonych odpowiedzi
Twoja historia wyników
Nie rozwiązałeś tego quizu